| 000 | 00443nam a2200169Ia 4500 | ||
|---|---|---|---|
| 999 |
_c29538 _d29538 |
||
| 003 | OSt | ||
| 005 | 20201123125045.0 | ||
| 008 | 190216s9999||||xx |||||||||||||| ||und|| | ||
| 040 | _coclc | ||
| 082 |
_a894.8123 _bSAN/M |
||
| 100 |
_aSanto _96849 |
||
| 245 | 0 |
_aMuron / _cSanto |
|
| 260 |
_bC I C C Book House, _aKochi: _c2007. |
||
| 300 | _a97p | ||
| 650 | _aNovel | ||
| 942 |
_cBK _2ddc _h894.8123 _iSAN/M _k894.8123 _mSAN/M |
||